| 000 | 00000cam 2200000zi 4500 |
| 001 | 9.957259 |
| 003 | CaOODSP |
| 005 | 20260602105832 |
| 006 | m o d f |
| 007 | cr cn||||||||| |
| 008 | 251112e202510##oncdb ob f000 0 eng d |
| 020 | |a9780660796796 |
| 040 | |aCaOODSP|beng|erda|cCaOODSP |
| 043 | |an-cn--- |
| 086 | 1 |aT94-102/2025E-PDF |
| 245 | 00|aMeasuring what matters : |bproposing an outcomes framework for federal housing policy. |
| 264 | 1|aOttawa, Ontario : |bHousing, Infrastructure and Communities Canada = Logement, Infrastructures et Collectivités Canada, |cOctober 2025. |
| 264 | 4|c©2025 |
| 300 | |a1 online resource (56 pages) : |bcharts, maps |
| 336 | |atext|btxt|2rdacontent |
| 337 | |acomputer|bc|2rdamedia |
| 338 | |aonline resource|bcr|2rdacarrier |
| 500 | |aCover title. |
| 500 | |aIssued also in French under title: Mesurer ce qui importe : proposer un cadre axé sur les résultats pour la politique fédérale en matière de logement. |
| 500 | |a"Prepared by the National Housing Council and respectfully submitted to the Minister of Housing and Infrastructure." |
| 504 | |aIncludes bibliographical references (pages 54-56). |
| 520 | |a"The federal government has implemented numerous policies to address the housing crisis, through the National Housing Strategy, Canada’s Housing Plan, and soon through Build Canada Homes. This report attempts to answer a fundamental question: how will we know if they are working?"--Executive Summary, page 3. |
| 650 | 0|aHousing policy|zCanada|xEvaluation. |
| 650 | 0|aHomelessness|xPrevention|zCanada|xEvaluation. |
| 710 | 1 |aCanada. |bHousing, Infrastructure and Communities Canada, |eissuing body. |
| 775 | 08|tMesurer ce qui importe : |w(CaOODSP)9.957260 |
| 856 | 40|qPDF|s3.06 MB|uhttps://publications.gc.ca/collections/collection_2026/licc-hicc/T94-102-2025-eng.pdf |